000 00600cam a2200229u 4500
001 34533
005 20230410105244.0
008 840817s1971 mx 000 0 spa
035 _9(DLC) 70873931
035 _a8037359
010 _a70873931
040 _aDLC
_cCarP
_dDLC
041 _aspa
050 1 4 _aU 240
_bM335t 1972
100 1 _aMarighella, Carlos.
245 1 0 _aTeoría y acción revolucionarias /
_cCarlos Marighella.
250 _a2. ed.
260 _aMéxico :
_bEditorial Diógenes,
_c[1972]
300 _a136 p.
_c19 cm.
650 0 _aGuerrilla warfare.
942 _2lcc
_cbk
999 _c33020
_d33020